Philosophy | 3 | 5 | 1 | 3 | 90 | 24 | 92.25 | 3 | 8 |
Beliefs | 1 | 3 | 1 | 1 | 40 | 34 | 98.00 | 2 | 4 |
Literature - British Literature | 1 | 3 | 1 | 1 | 40 | 68 | 109.75 | 1 | 3 |
World and Other Literature | 1 | 3 | 1 | 0 | 40 | 82 | 109.75 | 1 | 3 |
Literature - European Literature | 2 | 1 | 1 | 0 | 35 | 60 | 83.33 | 2 | 3 |
History - American History | 2 | 1 | 1 | 0 | 35 | 33 | 78.00 | 2 | 2 |
Other Science: Math | 1 | 1 | 0 | 1 | 25 | 42 | 91.50 | 1 | 2 |
Fine Arts - Auditory Fine Arts | 0 | 2 | 0 | 0 | 20 | 112 | 135.50 | 0 | 1 |
Science - Biology | 0 | 2 | 0 | 0 | 20 | 118 | 122.00 | 1 | 1 |
Science - Physics | 0 | 2 | 0 | 0 | 20 | 84 | 88.00 | 1 | 2 |
Other Science: Computer Science | 0 | 1 | 0 | 0 | 10 | 78 | 78.00 | 1 | 1 |
Other Science: Earth Science | 0 | 1 | 0 | 0 | 10 | 113 | 113.00 | 1 | 1 |
British and Commonwealth History | 0 | 1 | 0 | 0 | 10 | 94 | 94.00 | 1 | 1 |
Other Arts: Auditory | 0 | 1 | 0 | 0 | 10 | 145 | 145.00 | 0 | 1 |
History - European History | 0 | 1 | 1 | 0 | 5 | 118 | 118.00 | 0 | 1 |
Literature - American Literature | 0 | 1 | 1 | 0 | 5 | 104 | 104.00 | 1 | 1 |
Current Events | 0 | 0 | 1 | 0 | -5 | | 0.00 | 0 | 0 |
Social Science | 0 | 1 | 3 | 0 | -5 | 126 | 126.00 | 0 | 1 |